[Event "Athens Georgiou CC op 4th"]
[Site "Athens"]
[Date "2018.05.05"]
[Round "7"]
[White "Kampitsis, Vasilios"]
[Black "Ilandzis, Spyridon"]
[Result "0-1"]
[WhiteElo "1770"]
[BlackElo "2064"]
[PlyCount "68"]
[EventDate "2018.03.10"]
[EventType "swiss"]
[EventRounds "7"]
[EventCountry "GRE"]
[SourceTitle "EXT 2020"]
[Source "ChessBase"]
[SourceDate "2019.10.17"]
[SourceVersion "1"]
[SourceVersionDate "2019.10.17"]
[SourceQuality "1"]

1. Nf3 c5 2. e4 d6 3. d4 cxd4 4. Nxd4 Nf6 5. Nc3 a6 6. Bc4 e6 7. Bb3 Nbd7 8. Bg5 Qa5 9. Qd2 Nc5 10. Bxf6 gxf6 11. a3 Nxb3 12. Nxb3 Qg5 13. f4 Qh4+ 14. g3 Qg4 15. Qe2 h5 16. 0-0-0 Qxe2 17. Nxe2 b6 18. f5 Bb7 19. Rhf1 Be7 20. Nf4 Kd7 21. fxe6+ fxe6 22. e5 fxe5 23. Ng6 Rh7 24. Nxe5+ Kc7 25. Ng6 e5 26. Rde1 Bg5+ 27. Kb1 Bd5 28. Rf5 Bh6 29. Ref1 Rg8 30. Nh4 Bg5 31. Nf3 Be7 32. Nfd4 Bc4 33. R1f3 exd4 34. Nxd4 Kd7 0-1

[Event "Athens ChessSquare Spring op"]
[Site "Athens"]
[Date "2015.05.16"]
[Round "2"]
[White "Makka, Evanthia"]
[Black "Kampitsis, Vasilios"]
[Result "0-1"]
[WhiteElo "2105"]
[BlackElo "1831"]
[PlyCount "70"]
[EventDate "2015.05.09"]
[EventType "swiss"]
[EventRounds "7"]
[EventCountry "GRE"]
[SourceTitle "EXT 2024"]
[Source "ChessBase"]
[SourceDate "2023.10.10"]
[SourceVersion "1"]
[SourceVersionDate "2023.10.10"]
[SourceQuality "1"]

1. e4 c5 2. Nf3 g6 3. d4 cxd4 4. Qxd4 Nf6 5. e5 Nc6 6. Qa4 Nd5 7. Qe4 Nb6 8. Nc3 d5 9. exd6 Bf5 10. Qe3 Qxd6 11. Nb5 Qd8 12. Nfd4 Bg7 13. Nxf5 gxf5 14. Qg3 Be5 15. Bf4 Bxf4 16. Qxf4 Nd5 17. Qf3 Qa5+ 18. c3 0-0-0 19. Bc4 e6 20. 0-0-0 Ne5 21. Qe2 Nxc4 22. Qxc4+ Kb8 23. Qb3 a6 24. Nd4 Rc8 25. Kb1 Rhd8 26. Rd3 Rd6 27. Qc2 Qc7 28. Qd2 Rcd8 29. Qc1 Nb6 30. Rh3 e5 31. Nb3 Nc4 32. Qc2 a5 33. a4 Qc6 34. Rxh7 Qxa4 35. Na1 Nd2+ 0-1

[Event "Peristeri op A"]
[Site "Peristeri"]
[Date "2014.05.31"]
[Round "6"]
[White "Kampitsis, Vasilios"]
[Black "Ntaifas, Ioannis"]
[Result "1/2-1/2"]
[WhiteElo "1777"]
[BlackElo "1948"]
[PlyCount "43"]
[EventDate "2014.04.23"]
[EventType "swiss"]
[EventRounds "7"]
[EventCountry "GRE"]
[SourceTitle "EXT 2024"]
[Source "ChessBase"]
[SourceDate "2023.10.10"]
[SourceVersion "1"]
[SourceVersionDate "2023.10.10"]
[SourceQuality "1"]

1. e4 e6 2. d4 d5 3. Nc3 Be7 4. Nf3 Nf6 5. Bd3 0-0 6. 0-0 c5 7. e5 Nfd7 8. dxc5 Nc6 9. Re1 Nxc5 10. Bf1 a6 11. a3 Qc7 12. b4 Nd7 13. Bb2 b5 14. Qd2 Nb6 15. Nd4 Bb7 16. f4 Nc4 17. Bxc4 dxc4 18. Ne4 Nxd4 19. Bxd4 Bxe4 20. Rxe4 Rad8 21. c3 f5 22. Ree1 1/2-1/2

[Event "Ambelokipi op 143rd"]
[Site "Athens"]
[Date "2014.04.12"]
[Round "6"]
[White "Kampitsis, Vasilios"]
[Black "Megaloudis, Petros"]
[Result "1-0"]
[WhiteElo "1777"]
[BlackElo "1518"]
[PlyCount "45"]
[EventDate "2014.03.08"]
[EventType "swiss"]
[EventRounds "7"]
[EventCountry "GRE"]
[SourceTitle "EXT 2016"]
[Source "ChessBase"]
[SourceDate "2015.10.08"]
[SourceVersion "1"]
[SourceVersionDate "2015.10.08"]
[SourceQuality "1"]

1. e4 c5 2. Nf3 Nc6 3. d4 cxd4 4. Nxd4 e5 5. Nb5 a6 6. Nd6+ Bxd6 7. Qxd6 Qe7 8. Qd1 Nf6 9. Nc3 h6 10. Bd3 b5 11. 0-0 Nb4 12. f4 Bb7 13. fxe5 Qxe5 14. Be3 Bxe4 15. Nxe4 Nxe4 16. Qf3 Nf6 17. Qxa8+ Ke7 18. Qxh8 Ng4 19. Bf4 Qd4+ 20. Kh1 Nxd3 21. cxd3 Nf2+ 22. Rxf2 Qxf2 23. Bg3 1-0

[Event "Nikea Fysiolatriko-A 11th"]
[Site "Nikea"]
[Date "2013.06.20"]
[Round "2"]
[White "Romanos, Theodoros"]
[Black "Kampitsis, Vasilios"]
[Result "1/2-1/2"]
[WhiteElo "2094"]
[BlackElo "1775"]
[PlyCount "46"]
[EventDate "2013.06.19"]
[EventType "swiss"]
[EventRounds "9"]
[EventCountry "GRE"]
[SourceTitle "EXT 2024"]
[Source "ChessBase"]
[SourceDate "2023.10.10"]
[SourceVersion "1"]
[SourceVersionDate "2023.10.10"]
[SourceQuality "1"]

1. Nf3 Nf6 2. g3 d5 3. Bg2 c5 4. 0-0 Nc6 5. d3 e5 6. c3 Be7 7. a3 0-0 8. b4 a6 9. Qc2 Bg4 10. Nbd2 Rc8 11. Qb1 b5 12. bxc5 Bxc5 13. a4 Rb8 14. axb5 axb5 15. Qc2 Re8 16. Nb3 Bd6 17. h3 Bh5 18. Nh4 Qc7 19. g4 Bg6 20. Nxg6 hxg6 21. g5 Nh5 22. Qb2 e4 23. dxe4 dxe4 1/2-1/2

[Event "Petroupoli ASOP Dias Seniors op"]
[Site "Petroupoli"]
[Date "2012.11.03"]
[Round "1.3"]
[White "Viazis, Gerasimos"]
[Black "Kampitsis, Vasilios"]
[Result "0-1"]
[WhiteElo "1375"]
[BlackElo "1765"]
[PlyCount "94"]
[EventDate "2012.11.03"]
[EventType "swiss"]
[EventRounds "7"]
[EventCountry "GRE"]
[SourceTitle "EXT 2024"]
[Source "ChessBase"]
[SourceDate "2023.10.10"]
[SourceVersion "1"]
[SourceVersionDate "2023.10.10"]
[SourceQuality "1"]

1. e4 c5 2. c3 d5 3. exd5 Qxd5 4. Nf3 Bf5 5. Be2 Bxb1 6. c4 Qe4 7. d3 Bxd3 8. Qxd3 Qxd3 9. Bxd3 Nc6 10. Be3 0-0-0 11. 0-0-0 e5 12. Be4 f6 13. Bxc6 bxc6 14. Rxd8+ Kxd8 15. Rd1+ Kc7 16. Nd2 Nh6 17. Nb3 Ng4 18. Bxc5 Bxc5 19. Nxc5 Nxf2 20. Rd7+ Kb8 21. Na6+ Ka8 22. Nc7+ Kb7 23. Ne6+ Kb6 24. Rxg7 Re8 25. c5+ Ka5 26. Rxa7+ Kb4 27. Nc7 Rd8 28. Ne6 Re8 29. Nc7 Rg8 30. g3 Kxc5 31. Ne6+ Kd6 32. Ng7 Ng4 33. h3 Nf2 34. Nf5+ Ke6 35. Ng7+ Kd5 36. h4 Nh1 37. Nh5 Rg6 38. Rxh7 Nxg3 39. Nxg3 Rxg3 40. Rh6 f5 41. a4 f4 42. a5 f3 43. Rf6 Ke4 44. a6 Rg1+ 45. Kd2 Ra1 46. Rxc6 f2 47. Ke2 f1Q+ 0-1

[Event "Petroupoli op 10th"]
[Site "Petroupoli"]
[Date "2012.10.13"]
[Round "3"]
[White "Kampitsis, Vasilios"]
[Black "Triantafyllos, Michael"]
[Result "1-0"]
[WhiteElo "1783"]
[BlackElo "1430"]
[PlyCount "78"]
[EventDate "2012.10.06"]
[EventType "swiss"]
[EventRounds "7"]
[EventCountry "GRE"]
[SourceTitle "EXT 2013"]
[Source "ChessBase"]
[SourceDate "2012.11.22"]
[SourceVersion "1"]
[SourceVersionDate "2012.11.22"]
[SourceQuality "1"]

1. c4 Nf6 2. Nc3 e6 3. d4 d5 4. cxd5 exd5 5. Bg5 Bb4 6. Qb3 Bxc3+ 7. bxc3 0-0 8. Bxf6 Qxf6 9. Qxd5 Na6 10. e3 Rb8 11. Bd3 Be6 12. Qf3 Qxf3 13. Nxf3 Bd5 14. Kd2 Bxf3 15. gxf3 g6 16. Rab1 c6 17. Bxa6 bxa6 18. Rb3 Rxb3 19. axb3 Rb8 20. Kc2 Rb5 21. Ra1 Rg5 22. Rxa6 Rg2 23. Rxc6 Rxf2+ 24. Kd3 Rxh2 25. d5 Rh1 26. d6 h5 27. Ke2 Rh2+ 28. Ke1 Rh1+ 29. Kf2 Rh2+ 30. Kg3 Rd2 31. c4 g5 32. Rc8+ Kg7 33. Rc5 Kh6 34. Rd5 h4+ 35. Kh3 Rf2 36. f4 Rf3+ 37. Kg4 h3 38. d7 h2 39. d8Q Kg7 1-0

[Event "Petroupoli op 4th"]
[Site "Petroupoli"]
[Date "2012.05.09"]
[Round "4"]
[White "Kalofonos, Panayotis"]
[Black "Kampitsis, Vasilios"]
[Result "1-0"]
[WhiteElo "1783"]
[BlackElo "1830"]
[PlyCount "107"]
[EventDate "2012.04.28"]
[EventType "swiss"]
[EventRounds "7"]
[EventCountry "GRE"]
[SourceTitle "CBM 148 Extra"]
[Source "ChessBase"]
[SourceDate "2012.06.22"]
[SourceVersion "1"]
[SourceVersionDate "2012.06.22"]
[SourceQuality "1"]

1. e4 c5 2. Nf3 Nc6 3. d4 cxd4 4. Nxd4 g6 5. c4 Bg7 6. Be3 Nf6 7. Nc3 Ng4 8. Qxg4 Nxd4 9. Qd1 Ne6 10. Rc1 Qa5 11. Bd3 b6 12. 0-0 Bb7 13. Nd5 Bxb2 14. Bd2 Qxa2 15. Rc2 Bxd5 16. Bc3 0-0 17. exd5 Qb3 18. Bxb2 Nc5 19. Be2 b5 20. cxb5 Na4 21. Bc4 Qb4 22. Ba1 Rac8 23. Qd4 f6 24. d6+ Kg7 25. dxe7 Qxe7 26. Rfc1 Nb6 27. Bf1 Rxc2 28. Rxc2 d5 29. Rc6 Rf7 30. Qe3 Qb4 31. Qe6 d4 32. Qd6 Qb1 33. Qxd4 Qf5 34. Bd3 Qg5 35. Bf1 Nd7 36. Rc7 Qf5 37. h3 Re7 38. g4 Qe6 39. Bc4 Qe1+ 40. Kg2 Kh6 41. Rxd7 Rxd7 42. Qxd7 Qe4+ 43. Kg1 Qe1+ 44. Bf1 Qxa1 45. Qd2+ g5 46. Kg2 Qa4 47. Be2 Qe4+ 48. Bf3 Qe5 49. Qd5 Qe7 50. Qb7 Qe1 51. Qxa7 Qc3 52. b6 Qe5 53. b7 Qe4 54. Bxe4 1-0

[Event "Petroupoli op 3rd"]
[Site "Petroupoli"]
[Date "2012.03.28"]
[Round "6"]
[White "Kampitsis, Vasilios"]
[Black "Giannoulis, Dionisios"]
[Result "0-1"]
[WhiteElo "1830"]
[BlackElo "1754"]
[PlyCount "96"]
[EventDate "2012.03.10"]
[EventType "swiss"]
[EventRounds "7"]
[EventCountry "GRE"]
[SourceTitle "CBM 147 Extra"]
[Source "ChessBase"]
[SourceDate "2012.04.24"]
[SourceVersion "1"]
[SourceVersionDate "2012.04.24"]
[SourceQuality "1"]

1. c4 c5 2. Nc3 Nc6 3. Nf3 Nf6 4. e4 d6 5. d4 cxd4 6. Nxd4 g6 7. Be2 Bg7 8. Be3 0-0 9. 0-0 Bd7 10. h3 Rc8 11. Qd2 Qa5 12. Nxc6 Bxc6 13. Nd5 Qd8 14. Bxa7 Nxe4 15. Qe3 Bxd5 16. cxd5 Nc5 17. Rab1 b6 18. b4 Na4 19. Bb5 Rc3 20. Qe2 Ra3 21. Rb3 Nc3 22. Rxa3 Nxe2+ 23. Bxe2 Qc7 24. Ra6 Bd4 25. Rd1 Qc2 26. Kf1 Qb2 27. Bxb6 Bxb6 28. Rxb6 Qxa2 29. b5 Rc8 30. Rc6 Rb8 31. Rc7 Kf8 32. Rc6 Qb3 33. Rcc1 Rb6 34. Rb1 Qa4 35. Rdc1 Qa2 36. Bc4 Qd2 37. Rd1 Qf4 38. Rbc1 Qh2 39. Ke1 Qxg2 40. Bf1 Qe4+ 41. Be2 Rxb5 42. f3 Qh4+ 43. Kf1 Qxh3+ 44. Kf2 Qh2+ 45. Kf1 Rb2 46. Re1 h5 47. f4 h4 48. f5 h3 0-1

[Event "Petroupoli op 3rd"]
[Site "Petroupoli"]
[Date "2012.03.21"]
[Round "4"]
[White "Kampitsis, Vasilios"]
[Black "Margaritis, Fotis"]
[Result "0-1"]
[WhiteElo "1830"]
[BlackElo "2194"]
[PlyCount "96"]
[EventDate "2012.03.10"]
[EventType "swiss"]
[EventRounds "7"]
[EventCountry "GRE"]
[SourceTitle "CBM 147 Extra"]
[Source "ChessBase"]
[SourceDate "2012.04.24"]
[SourceVersion "1"]
[SourceVersionDate "2012.04.24"]
[SourceQuality "1"]

1. c4 g6 2. Nc3 Bg7 3. Nf3 d6 4. g3 e5 5. Bg2 f5 6. d3 c6 7. 0-0 Nh6 8. Bd2 a5 9. Rb1 Nf7 10. a3 0-0 11. b4 axb4 12. axb4 g5 13. b5 g4 14. Ne1 h5 15. Nc2 h4 16. bxc6 bxc6 17. d4 hxg3 18. fxg3 e4 19. Bf4 Ba6 20. Ne3 Ng5 21. Qd2 Ne6 22. d5 Nxf4 23. Rxf4 Bh6 24. dxc6 Bxf4 25. Qd5+ Kh8 26. gxf4 Qf6 27. Nb5 Nxc6 28. Qxc6 Bxb5 29. Qxb5 Ra3 30. Nd5 Qg7 31. Qb2 Qxb2 32. Rxb2 Ra4 33. Rc2 Rc8 34. Ne7 Rc5 35. e3 Kg7 36. Rd2 Raxc4 37. Rxd6 Rc1+ 38. Kf2 Kf7 39. Nd5 R5c2+ 40. Kg3 Rg1 41. Rf6+ Kg7 42. Rxf5 Rgxg2+ 43. Kh4 Rxh2+ 44. Kg5 g3 45. Re5 g2 46. Re7+ Kf8 47. Kf6 Rh6+ 48. Kg5 g1Q+ 0-1

[Event "Petroupoli op 3rd"]
[Site "Petroupoli"]
[Date "2012.03.10"]
[Round "1"]
[White "Foutouhos, Dimitrios"]
[Black "Kampitsis, Vasilios"]
[Result "0-1"]
[WhiteElo "1275"]
[BlackElo "1830"]
[PlyCount "40"]
[EventDate "2012.03.10"]
[EventType "swiss"]
[EventRounds "7"]
[EventCountry "GRE"]
[SourceTitle "CBM 147 Extra"]
[Source "ChessBase"]
[SourceDate "2012.04.24"]
[SourceVersion "1"]
[SourceVersionDate "2012.04.24"]
[SourceQuality "1"]

1. e4 c5 2. Nf3 Nc6 3. d4 cxd4 4. Nxd4 g6 5. Nc3 Bg7 6. Be3 Nf6 7. f3 0-0 8. Qd2 d5 9. 0-0-0 Nxd4 10. Bxd4 dxe4 11. Bxf6 Qxd2+ 12. Rxd2 exf6 13. f4 f5 14. Nd5 Be6 15. Nc7 Rac8 16. Nxe6 fxe6 17. b3 Bc3 18. Rd6 Rfd8 19. Rxe6 Kf7 20. Bc4 Rxc4 0-1

[Event "Petroupoli op"]
[Site "Petroupoli"]
[Date "2012.01.18"]
[Round "2"]
[White "Katopodis, Ioannis"]
[Black "Kampitsis, Vasilios"]
[Result "1-0"]
[WhiteElo "1613"]
[BlackElo "1861"]
[PlyCount "113"]
[EventDate "2012.01.14"]
[EventType "swiss"]
[EventRounds "7"]
[EventCountry "GRE"]
[SourceTitle "EXT 2013"]
[Source "ChessBase"]
[SourceDate "2012.11.22"]
[SourceVersion "1"]
[SourceVersionDate "2012.11.22"]
[SourceQuality "1"]

1. c4 Nf6 2. g3 e5 3. Bg2 Bc5 4. Nc3 0-0 5. e3 Nc6 6. Nge2 d6 7. 0-0 Bg4 8. a3 Bxe2 9. Nxe2 e4 10. d4 exd3 11. Qxd3 a5 12. Nd4 Ne5 13. Qc2 c6 14. Nf3 Qc7 15. Nxe5 dxe5 16. Rd1 Rfd8 17. Bd2 Qe7 18. Bc3 Qe6 19. Rxd8+ Rxd8 20. Bxa5 b6 21. Be1 h5 22. Bf1 h4 23. Rd1 Re8 24. Rd2 hxg3 25. hxg3 g6 26. Qd1 Ne4 27. Rd8 Kg7 28. Rxe8 Qxe8 29. b4 Be7 30. Bg2 Nd6 31. Qd3 Nf5 32. Bc3 Bf6 33. Bh3 e4 34. Bxf6+ Kxf6 35. Qc3+ Kg5 36. c5 b5 37. Kg2 Qe6 38. g4 Nh4+ 39. Kg3 Nf3 40. Qh8 Qd7 41. Qb8 f5 42. Qf4+ Kf6 43. gxf5 gxf5 44. Qd6+ Qxd6+ 45. cxd6 Ne5 46. d7 Nxd7 47. Kf4 Ne5 48. Bxf5 Nd3+ 49. Kxe4 Nxf2+ 50. Kf3 Kxf5 51. Kxf2 Ke4 52. Ke2 Ke5 53. Kd3 Kd5 54. e4+ Ke5 55. Ke3 Ke6 56. Kd4 Kd7 57. Kc5 1-0

[Event "Petroupoli op 7th"]
[Site "Petroupoli"]
[Date "2011.12.03"]
[Round "7"]
[White "Kampitsis, Vasilios"]
[Black "Fili, Anastasia"]
[Result "0-1"]
[WhiteElo "1887"]
[BlackElo "1702"]
[PlyCount "74"]
[EventDate "2011.11.12"]
[EventType "swiss"]
[EventRounds "7"]
[EventCountry "GRE"]
[SourceTitle "EXT 2013"]
[Source "ChessBase"]
[SourceDate "2012.11.22"]
[SourceVersion "1"]
[SourceVersionDate "2012.11.22"]
[SourceQuality "1"]

1. c4 e5 2. Nc3 Nf6 3. g3 Nc6 4. Bg2 Bb4 5. Nf3 Bxc3 6. bxc3 d6 7. 0-0 0-0 8. Rb1 Rb8 9. d3 h6 10. h3 Be6 11. Ne1 Qd7 12. Kh2 Nh7 13. Qa4 f5 14. Rxb7 Rxb7 15. Bxc6 Qc8 16. Bxb7 Qxb7 17. Qb4 Qc8 18. f3 Nf6 19. Ng2 Nh5 20. f4 Qe8 21. Bd2 g5 22. c5 Qg6 23. fxg5 Nxg3 24. Kxg3 f4+ 25. Kh2 Qh5 26. Qe4 Bxh3 27. Kg1 hxg5 28. cxd6 cxd6 29. d4 g4 30. Qd5+ Kh7 31. Nxf4 Qf5 32. e4 Qf6 33. dxe5 dxe5 34. Rb1 exf4 35. Qh5+ Kg7 36. e5 Qe7 37. c4 Qc5+ 0-1

[Event "Petroupoli op 6th"]
[Site "Petroupoli"]
[Date "2011.11.05"]
[Round "7"]
[White "Kampitsis, Vasilios"]
[Black "Grapsas, Panagiotis"]
[Result "1-0"]
[WhiteElo "1885"]
[BlackElo "1473"]
[PlyCount "87"]
[EventDate "2011.10.15"]
[EventType "swiss"]
[EventRounds "7"]
[EventCountry "GRE"]
[SourceTitle "EXT 2013"]
[Source "ChessBase"]
[SourceDate "2012.11.22"]
[SourceVersion "1"]
[SourceVersionDate "2012.11.22"]
[SourceQuality "1"]

1. c4 Nf6 2. Nc3 e6 3. d4 d6 4. e4 Be7 5. f4 c5 6. e5 dxe5 7. fxe5 Nfd7 8. Be3 cxd4 9. Bxd4 Nc6 10. Nf3 h6 11. Qd2 Qc7 12. Rc1 Ndxe5 13. Nxe5 Nxe5 14. c5 Bh4+ 15. Kd1 0-0 16. Qf4 Bf6 17. Ne4 Rd8 18. Nd6 Rxd6 19. cxd6 Qxd6 20. Qd2 b5 21. Bc5 Qxd2+ 22. Kxd2 Bg5+ 23. Be3 Nc4+ 24. Bxc4 Bxe3+ 25. Kxe3 bxc4 26. Rxc4 Bb7 27. Rhc1 g6 28. g4 Bd5 29. Rc8+ Rxc8 30. Rxc8+ Kg7 31. a3 f5 32. g5 Bg2 33. Rc7+ Kg8 34. Kf4 Bd5 35. b4 Bg2 36. Ke5 Bd5 37. Kf6 a6 38. Kxg6 Kf8 39. gxh6 Be4 40. Kf6 Kg8 41. h7+ Kh8 42. Kg5 f4 43. Kh6 Bxh7 44. Rxh7+ 1-0

[Event "Petroupoli op 6th"]
[Site "Petroupoli"]
[Date "2011.11.02"]
[Round "6"]
[White "Mavroudis, Dionisios"]
[Black "Kampitsis, Vasilios"]
[Result "1-0"]
[WhiteElo "1650"]
[BlackElo "1885"]
[PlyCount "77"]
[EventDate "2011.10.15"]
[EventType "swiss"]
[EventRounds "7"]
[EventCountry "GRE"]
[SourceTitle "EXT 2013"]
[Source "ChessBase"]
[SourceDate "2012.11.22"]
[SourceVersion "1"]
[SourceVersionDate "2012.11.22"]
[SourceQuality "1"]

1. b3 e5 2. Bb2 Nc6 3. e3 d5 4. Bb5 Bd6 5. Nf3 Bg4 6. h3 Bxf3 7. Qxf3 Nf6 8. 0-0 0-0 9. Bxc6 bxc6 10. d3 a5 11. c4 a4 12. Nd2 Qe7 13. Qe2 Nd7 14. Kh1 f5 15. d4 exd4 16. Bxd4 Be5 17. Qd3 Nc5 18. Qc3 Bd6 19. b4 Nd7 20. c5 Be5 21. f4 Bxd4 22. exd4 Nf6 23. Rae1 Ne4 24. Qd3 Nf2+ 25. Rxf2 Qxe1+ 26. Rf1 Qe7 27. Nf3 Qe4 28. Qd2 Qe8 29. Re1 Qc8 30. Ne5 Qa6 31. a3 Rae8 32. Nd7 Rxe1+ 33. Qxe1 Rd8 34. Qe6+ Kh8 35. Qe1 Qd3 36. Ne5 Qxa3 37. Nf7+ Kg8 38. Nxd8 Kf8 39. Nxc6 1-0

[Event "Petroupoli op 6th"]
[Site "Petroupoli"]
[Date "2011.10.26"]
[Round "4"]
[White "Pavlis, Antonios"]
[Black "Kampitsis, Vasilios"]
[Result "0-1"]
[WhiteElo "1742"]
[BlackElo "1885"]
[PlyCount "73"]
[EventDate "2011.10.15"]
[EventType "swiss"]
[EventRounds "7"]
[EventCountry "GRE"]
[SourceTitle "EXT 2013"]
[Source "ChessBase"]
[SourceDate "2012.11.22"]
[SourceVersion "1"]
[SourceVersionDate "2012.11.22"]
[SourceQuality "1"]

1. e4 e5 2. Nf3 Nc6 3. Bc4 Nd4 4. Bxf7+ Kxf7 5. Nxe5+ Ke8 6. c3 Ne6 7. Qh5+ g6 8. Nxg6 Nf6 9. Qf5 hxg6 10. Qxg6+ Ke7 11. e5 Nh7 12. d4 Qe8 13. Qg3 Kd8 14. Na3 c6 15. Nc4 d5 16. exd6 Nxd4+ 17. Be3 Nf5 18. Qh3 Bd7 19. 0-0-0 b5 20. Na5 Nxe3 21. Qh4+ Kc8 22. fxe3 Qxe3+ 23. Kb1 Qg5 24. Qf2 Qg6+ 25. Ka1 Qf6 26. Qc5 Qg5 27. Qf2 Bg7 28. Rhe1 Rf8 29. Qc2 Nf6 30. Re7 Nd5 31. Qe4 Nxc3 32. Rxd7 Kxd7 33. Qxc6+ Ke6 34. bxc3 Rac8 35. Re1+ Kf7 36. Re7+ Kg8 37. Qe4 0-1

[Event "Ambelokipi op 112th"]
[Site "Athens"]
[Date "2011.05.03"]
[Round "7"]
[White "Papamichael, Georgios"]
[Black "Kampitsis, Vasilios"]
[Result "0-1"]
[WhiteElo "1863"]
[BlackElo "1845"]
[PlyCount "34"]
[EventDate "2011.04.09"]
[EventType "swiss"]
[EventRounds "7"]
[EventCountry "GRE"]
[SourceTitle "EXT 2024"]
[Source "ChessBase"]
[SourceDate "2023.10.10"]
[SourceVersion "1"]
[SourceVersionDate "2023.10.10"]
[SourceQuality "1"]

1. e4 c5 2. c3 d5 3. exd5 Qxd5 4. d4 Bf5 5. Nf3 Bxb1 6. Rxb1 Nc6 7. Bb5 cxd4 8. 0-0 Qxb5 9. a4 Qd5 10. Bf4 Nf6 11. c4 Qf5 12. Bg3 e6 13. b4 Bxb4 14. Rxb4 Nxb4 15. Nxd4 Qd3 16. Nb5 0-0 17. Qxd3 Nxd3 0-1

[Event "Athens Glyfada op"]
[Site "Athens"]
[Date "2009.12.28"]
[Round "5"]
[White "Mouratidis, Haralambos"]
[Black "Kampitsis, Vasilios"]
[Result "1-0"]
[WhiteElo "1857"]
[BlackElo "1887"]
[PlyCount "61"]
[EventDate "2009.12.23"]
[EventType "swiss"]
[EventRounds "9"]
[EventCountry "GRE"]
[SourceTitle "CBM 134 Extra"]
[Source "ChessBase"]
[SourceDate "2010.03.03"]
[SourceVersion "1"]
[SourceVersionDate "2010.03.03"]
[SourceQuality "1"]

1. e4 d6 2. d4 Nf6 3. Nc3 g6 4. Be3 Bg7 5. f3 Nc6 6. Qd2 h5 7. 0-0-0 e5 8. d5 Ne7 9. Be2 h4 10. Kb1 Nh5 11. Bg5 Nf4 12. Bxf4 exf4 13. Qxf4 Ng8 14. Qe3 Qe7 15. Bb5+ Kf8 16. Nge2 a6 17. Bd3 Nf6 18. g4 b5 19. a3 Bb7 20. Qf2 Nd7 21. f4 Kg8 22. g5 Rh5 23. Nd4 Nc5 24. Be2 b4 25. axb4 Nxe4 26. Nxe4 Qxe4 27. Bxh5 Bxd5 28. Bf3 Qxf4 29. Rhf1 Qxg5 30. Bxd5 Qxd5 31. Qf3 1-0

[Event "Athens Glyfada op"]
[Site "Athens"]
[Date "2009.12.24"]
[Round "2"]
[White "Kampitsis, Vasilios"]
[Black "Psaras, Stilianos"]
[Result "0-1"]
[WhiteElo "1887"]
[BlackElo "2137"]
[PlyCount "34"]
[EventDate "2009.12.23"]
[EventType "swiss"]
[EventRounds "9"]
[EventCountry "GRE"]
[SourceTitle "CBM 134 Extra"]
[Source "ChessBase"]
[SourceDate "2010.03.03"]
[SourceVersion "1"]
[SourceVersionDate "2010.03.03"]
[SourceQuality "1"]

1. c4 e6 2. d4 d5 3. cxd5 exd5 4. Nc3 c5 5. Nf3 Nc6 6. e3 Nf6 7. Be2 c4 8. Ne5 Bb4 9. Nxc6 bxc6 10. 0-0 0-0 11. Bd2 Rb8 12. Qc2 Re8 13. Nb1 Bd6 14. f3 c5 15. Re1 cxd4 16. exd4 Qb6 17. Bc3 Qc7 0-1

[Event "Nikaia op 17th"]
[Site "Nikaia"]
[Date "2009.08.25"]
[Round "5"]
[White "Kampitsis, Vasilios"]
[Black "Goumas, Georgios"]
[Result "0-1"]
[WhiteElo "1919"]
[BlackElo "2315"]
[PlyCount "52"]
[EventDate "2009.08.22"]
[EventType "swiss"]
[EventRounds "9"]
[EventCountry "GRE"]
[SourceTitle "CBM 132 Extra"]
[Source "ChessBase"]
[SourceDate "2009.11.03"]
[SourceVersion "1"]
[SourceVersionDate "2009.11.03"]
[SourceQuality "1"]

1. c4 e5 2. Nc3 d6 3. g3 f5 4. d3 Be7 5. Bg2 Nf6 6. Nf3 0-0 7. 0-0 Qe8 8. a3 Qh5 9. Nd5 Nxd5 10. cxd5 Nd7 11. Nd2 f4 12. Ne4 Nf6 13. d4 Bh3 14. Nxf6+ Rxf6 15. Bf3 Qg6 16. dxe5 dxe5 17. Bg2 Bxg2 18. Kxg2 e4 19. f3 Bd6 20. g4 h5 21. h3 Qg5 22. b4 Raf8 23. Bb2 hxg4 24. fxg4 f3+ 25. exf3 Qf4 26. Rf2 e3 0-1

[Event "Athens Acropolis op-B 24th"]
[Site "Chalkida"]
[Date "2009.08.17"]
[Round "8"]
[White "Bonvalot, Isabelle"]
[Black "Kampitsis, Vasilios"]
[Result "0-1"]
[WhiteElo "1971"]
[BlackElo "1919"]
[PlyCount "62"]
[EventDate "2009.08.10"]
[EventType "swiss"]
[EventRounds "9"]
[EventCountry "GRE"]
[SourceTitle "CBM 132 Extra"]
[Source "ChessBase"]
[SourceDate "2009.11.03"]
[SourceVersion "1"]
[SourceVersionDate "2009.11.03"]
[SourceQuality "1"]

1. e4 c5 2. c3 d5 3. exd5 Qxd5 4. d4 Bf5 5. Na3 cxd4 6. Nb5 Qe5+ 7. Qe2 Qxe2+ 8. Bxe2 d3 9. Bf3 Nc6 10. Bxc6+ bxc6 11. Nc7+ Kd7 12. Nxa8 Kc8 13. Bf4 f6 14. Be3 Kb7 15. Nc7 Kxc7 16. Bxa7 e5 17. Be3 Ne7 18. Bc5 Nd5 19. Bxf8 Rxf8 20. Nf3 Rb8 21. 0-0-0 Nf4 22. Rd2 Ne2+ 23. Kd1 Nxc3+ 24. Ke1 Nb1 25. Rd1 Rxb2 26. Nh4 Nc3 27. Nxf5 Re2+ 28. Kf1 Nxd1 29. Ng3 Rxa2 30. h3 Nc3 31. Kg1 d2 0-1

[Event "Athens Acropolis op-B 24th"]
[Site "Chalkida"]
[Date "2009.08.14"]
[Round "5"]
[White "Kampitsis, Vasilios"]
[Black "Ioannidis, Evgenios"]
[Result "0-1"]
[WhiteElo "1919"]
[BlackElo "1508"]
[PlyCount "60"]
[EventDate "2009.08.10"]
[EventType "swiss"]
[EventRounds "9"]
[EventCountry "GRE"]
[SourceTitle "CBM 132 Extra"]
[Source "ChessBase"]
[SourceDate "2009.11.03"]
[SourceVersion "1"]
[SourceVersionDate "2009.11.03"]
[SourceQuality "1"]

1. c4 Nf6 2. Nc3 e5 3. g3 Bb4 4. Qb3 Nc6 5. e3 0-0 6. Bg2 Bxc3 7. bxc3 d6 8. d3 Re8 9. Ne2 e4 10. Nd4 Na5 11. Qc2 c5 12. Nb3 Bf5 13. d4 Nxc4 14. 0-0 Nd7 15. Qe2 Na5 16. Ba3 Be6 17. Rfd1 Nxb3 18. axb3 Bxb3 19. Rdb1 c4 20. Bxd6 Nb6 21. Be5 f6 22. Bf4 g5 23. Qg4 Kh8 24. Be5 fxe5 25. Bxe4 Nd5 26. Qf5 Re7 27. Qxg5 Nxc3 28. Qf6+ Rg7 29. Qxe5 Qe7 30. Rxa7 Rxa7 0-1